000 01433cam a22003617a 4500
003 CHAP
005 20220817043839.0
008 020730d2002 es ad r 00110 spa d
010 _a86002
011 _a86974
020 _a8484760499
035 _a97515
040 _cCHAP
082 0 4 _a631.522
_bV5
100 0 0 _aVillalobos, Francisco J.
_9119455
245 1 0 _aFitotecnia :
_bbases y tecnologías de la producción agrícola
_c/por Francisco J. Villalobos [y otros]
260 _aMadrid :
_bMundi-Prensa,
_c2002
300 _a496 p. :
_bilus. ; gráfs. ; tablas
590 _aBATCH-UPD
_b10
_c20130110
_lUCH01
_h0925
590 _aBATCH-UPD
_b10
_c20130410
_lUCH01
_h0546
590 _aBATCH-UPD
_b10
_c20130914
_lUCH01
_h1537
590 _aCONVERSION
_b10
_c20130109
_lUCH01
_h1348
650 1 4 _aGenética vegetal.
650 1 4 _aPlantas
_xMejoramiento.
_988849
901 _aBK
905 _aMarco A. Mendoza T.
942 _cLIBRO
949 _a631.522 V5
_bBC
_cLIBRO
_d33724000869897
_eLIBRO
_gI.c/e
_h102842
_i97515
_si
_t$356.00
949 _a631.522 V5
_bBC
_cLIBRO
_d33724000948535
_eLIBRO
_fc.2
_gI.223939
_h106042
_i97515
_si
_t$608.00
949 _a631.522 V5
_bBC
_cLIBRO
_d33724000976890
_eLIBRO
_fc.3
_gI.223592
_h106628
_i97515
_si
_t$608.00
949 _a631.522 V5
_bBC
_cLIBRO
_d33724002047496
_eLIBRO
_fc.4
_gI.c/e
_h109051
_i97515
_si
_t$608.00
949 _a631.522 V5
_bBC
_cLIBRO
_d33724002047538
_eLIBRO
_fc.5
_gI.c/e
_h109052
_i97515
_si
_t$608.00
999 _c86002
_d86002